| 000 | 01379nam a2200349Ia 4500 | ||
|---|---|---|---|
| 001 | ebr10282719 | ||
| 003 | CaPaEBR | ||
| 006 | m u | ||
| 007 | cr cn||||||||| | ||
| 008 | 080831s2009 maua sb 001 0 eng d | ||
| 010 | _z 2008935220 | ||
| 020 | _z9781598638769 (pbk.) | ||
| 020 | _z1598638769 (pbk.) | ||
| 040 |
_aCaPaEBR _cCaPaEBR |
||
| 035 | _a(OCoLC)560619342 | ||
| 050 | 1 | 4 |
_aHG177 _b.K33 2009eb |
| 100 | 1 | _aKachinske, Timothy. | |
| 245 | 1 | 0 |
_a90 days to success in fundraising _h[electronic resource] / _cTimothy Kachinske. |
| 246 | 3 | 0 | _aNinety days to success in fundraising |
| 246 | 3 | _a90 days to success in fund raising | |
| 246 | 3 | _aNinety days to success in fund raising | |
| 260 |
_aBoston : _bCourse Technology/Cengage Learning, _cc2009. |
||
| 300 |
_axvi, 272 p. : _bill. |
||
| 504 | _aIncludes bibliographical references and index. | ||
| 533 |
_aElectronic reproduction. _bPalo Alto, Calif. : _cebrary, _d2009. _nAvailable via World Wide Web. _nAccess may be limited to ebrary affiliated libraries. |
||
| 650 | 0 |
_aNonprofit organizations _xFinance. |
|
| 650 | 0 | _aFund raising. | |
| 650 | 0 |
_aFund raising _xComputer network resources. |
|
| 655 | 7 |
_aElectronic books. _2local |
|
| 710 | 2 | _aebrary, Inc. | |
| 856 | 4 | 0 |
_uhttp://site.ebrary.com/lib/rucke/Doc?id=10282719 _zAn electronic book accessible through the World Wide Web; click to view |
| 999 |
_c3589 _d3589 |
||